| 000 | 00507nmm a2200169Ia 4500 | ||
|---|---|---|---|
| 008 | 251105s9999||||xx |||||||||||||||||und|| | ||
| 020 | _a9788481698640 | ||
| 041 | _aspa | ||
| 100 | _aDunn, James D. G. | ||
| 245 | 0 |
_aJesús recordado : _b El cristianismo en sus comienzos I |
|
| 264 |
_a[Madrid, España] : _bEditorial Verbo Divino, _c2013 |
||
| 300 | _a1086 páginas | ||
| 490 | _aEstudios bíblicos | ||
| 650 | _aReligion(s) | ||
| 856 | _uhttps://public.digitaliapublishing.com/a/51066 | ||
| 942 | _cCF | ||
| 999 |
_c86005 _d86005 |
||